000 01343nam a2200325Ia 4500
000 nam a22 i 4500
001 UNACH-6456
007 ta
008 221212s ||||fr|||| 00| | spa d
020 _a978-9978-14-193-9
041 0 _aspa
082 0 4 _a323.4
_bDerechos civiles específicos
100 1 _aPérez Guartambel, Carlos,
_eautor
245 1 0 _aJusticia indígena.
250 _aSegunda edición
264 3 1 _a[Cuenca] :
_aEcuador :
_bUniversidad de Cuenca,
_c2010
300 _a526 páginas
336 _atexto
_btxt
_2rdacontent
337 _ano mediado
_bn
_2rdamedia
338 _avolumen
_bnc
_2rdacarrier
504 _aIncluye: bibliografía.
505 0 _aSistemas jurídicos en la historia antigua.-- Resistencia de la justicia indígena.-- Historia de la opresión indígena.-- Categoría del pueblo indígena.-- Sesgo colonial al sistema jurídico indígena
520 3 _aLa obra trae pasajes históricos vista desde la otra orilla de los perseguidos. Denuncia las perversas instituciones del concertaje, corregimientos y todo el sistema hacendario colonial y republicano que veladamente protegía la esclavitud.
650 1 4 _aFUERZA BASE DEL ESTADO
650 2 4 _aDERECHO NATURAL
650 2 4 _aJUSTIFICACION DE LA CONQUISTA
653 0 _aDerechos civiles especificos.
942 _2ddc
_c1
_n0
999 _c5218
_d5218